000 00499nam a2200181Ia 4500
001 9625
005 20260306161732.0
008 260306t2014||||xx |||||||||||||| ||spa||
041 _aESP
082 _a382.911
_bE92I
100 _aBacaria Colom, Jordi
_eAUT
245 0 _aStudy on latin america, the caribbean and central and eastern europe:
_bpotential for economic exchange
260 _c2014
300 _a69 páginas :
_c24 cm.
650 _aGEN
654 _aCAN
942 _cREV
_dJUS
_fJUS
_2ddc
_n
999 _c9625
_d9625